00000000nam##2200000za#4500
0019.603378
003CaOODSP
00520210624211037
007cr |||||||||||
008150406|2005||||xxc|||||o    f|0| 0 fre|d
040 |aCaOODSP|bfre
043 |an-cn---
0861 |aBT31-4/6-2005F-PDF
1101 |aCanada. |bConseil du trésor.
24510|aAffaires indiennes et du Nord Canada, Commission canadienne des affaires polaires et Commission des revendications particulières des Indiens - rapport sur le rendement ministériel 2004-2005 |h[ressource électronique]
260 |aOttawa - Ontario : |bSecrétariat du Conseil du Trésor du Canada |c[2005].
300 |a80p.|borganigramme, tableaux
4901 |aRapport sur le rendement pour la période se terminant le 31 mars 2005
590 |a12-07-Supp|b2012-03-09
77508|tIndian and Northern Affairs Canada, Canadian Polar Commission and Indian Specific Claims Commission, 2004-2005 departmental performance report |w(CaOODSP)9.573164
7760#|tIndian and Northern Affairs Canada and Canadian Polar Commission |w(CaOODSP)9.541806
7760#|tAffaires indiennes et du Nord Canada et Commission canadienne des affaires polaires |w(CaOODSP)9.541807
830#0|aRapport sur le rendement pour la période se terminant le 31 mars 2005.|w(CaOODSP)9.502661
85640|ahttp://publications.gc.ca|qPDF|s1.28 Mo|uhttps://publications.gc.ca/collections/collection_2012/sct-tbs/BT31-4-6-2005-fra.pdf